书目信息 |
| 题名: |
电子技术
|
|
| 作者: | 任永益 , 刘蔚东 主编 | |
| 分册: | ||
| 出版信息: | 长沙 国防科技大学出版社 1993.08 |
|
| 页数: | 253页 | |
| 开本: | 16开 | |
| 丛书名: | ||
| 单 册: | ||
| 中图分类: | TN-43 | |
| 科图分类: | ||
| 主题词: | 无线电电子学 , 通信技术 | |
| 电子资源: | ||
| ISBN: | 7-81024-245-8 | |
| 000 | 00611nam0 2200217 45 | |
| 001 | 0012271496 | |
| 005 | 20001227144016.9 | |
| 010 | @a7-81024-245-8@d16.00元 | |
| 100 | @a20001227d1993 km y0chiy0120 ea | |
| 101 | 0 | @achi |
| 105 | @a z 000yy | |
| 200 | 1 | @a电子技术@ADian Zi Ji Shu@f任永益,刘蔚东主编@FRen Yong Yi,Liu Wei Dong Zhu Bian |
| 210 | @a长沙@c国防科技大学出版社@d1993.08 | |
| 215 | @a253页@d16开 | |
| 606 | 0 | @a无线电电子学 |
| 606 | 0 | @a通信技术 |
| 690 | @aTN-43@v3 | |
| 701 | 0 | @a任永益@4主编 |
| 701 | 0 | @a刘蔚东@4主编 |
| 801 | @aCN@bPftUser@c20001227 | |
| 905 | @b315941-945@dTN-43@eR955@f5 | |
| 电子技术/任永益,刘蔚东主编.-长沙:国防科技大学出版社,1993.08 |
| 253页;16开 |
| ISBN 7-81024-245-8:16.00元 |
| ● |
| 相关链接 |
|
|
|
正题名:电子技术
索取号:TN-43/R955
 
预约/预借
| 序号 | 登录号 | 条形码 | 馆藏地/架位号 | 状态 | 备注 |
| 1 | 315941 | 203159410 | 自科库301/301自科库 23排2列3层/ [索取号:TN-43/R955] | 在馆 | |
| 2 | 315942 | 203159429 | 自科库301/301自科库 23排2列3层/ [索取号:TN-43/R955] | 在馆 | |
| 3 | 315943 | 203159438 | 自科二线404/404自科库 9排1列6层/ [索取号:TN-43/R955] | 在馆 | |
| 4 | 315944 | 203159447 | 自科库301/301自科库 16排3列2层/ [索取号:TN-43/R955] | 在馆 | |
| 5 | 315945 | 203159456 | 自科二线404/404自科库 9排1列6层/ [索取号:TN-43/R955] | 在馆 |